000 00946nam a2200193 a 4500
001 44012
005 20180714022726.0
008 140415s2001 sp 000 0 spa d
020 _a8480886625
041 _aspa
082 _a658.8
_bINI
100 1 _aINIESTA, LORENZO
245 1 0 _aMASTER DE MARKETING :
_bTODO CUANTO HAY QUE SABER SOBRE EL MARKETING ESTRATEGICO TACTICO Y OPERATIVO
250 _a1a ed.
260 _aESPAÑA :
_bGESTION 2000, S.A.,
_c2001
300 _a376
_cx 17 x 23
520 _aEL OBJETIVO DE ESTE LIBRO ES FACILITAR LA ELABORACION DE UN PLAN DE MARKETING, Y POR CONSECUENTE ESTE TEXTO ADQUIERE UN DECIDIDO ENFOQUE PRACTICO. EL MARKETING ES UNA MEZCLA PLANIFICADA DE ESTRATEGIAS QUE SE OCUPA DE LA CONCEPCION, DESARROLLO, DIFUSION Y COMERCIALIZACION DE MARCAS, PRODUCTOS, SERVICIOS, QUE SATISFAGAN LAS EXPECTATIVAS DE LA DEMANDA, LOGRANDO RESULTADOS RENTABLES PARA LA EMPRESA.
650 1 4 _aMERCADEO
999 _c44012
_d44012